000 01152nam a2200337 i 4500
001 bg
003 BPK
005 20230223103812.0
008 981118s1984 pl a |000 0 pol
015 _aPB 1985/1479
040 _aWA N
_cBPK
041 0 _apol
080 _a691
080 _a666.9
080 _a(075.8)
100 1 _aSzymański, Edward
_d(1928- )
_eAutor
245 1 0 _aMateriały budowlane z technologią betonu /
_cEdward Szymański, Jerzy Kołakowski.
260 _aWarszawa :
_bWydawnictwa Politechniki Warszawskiej,
_c1984.
300 _a281 s. :
_bfot., rys., wykr. ;
_c24 cm.
336 _2rdacontent
_aTekst
_btxt
337 _2rdamedia
_aBez urządzenia pośredniczącego
_bn
338 _2rdacarrier
_aWolumin
_bnc
650 4 _aBeton
650 4 _aMateriały budowlane
655 4 _aPodręczniki akademickie
658 _aArchitektura i budownictwo
700 1 _aKołakowski, Jerzy
_eAutor
710 2 _aWydawnictwa Politechniki Warszawskiej
_4pbl.
856 _uhttp://koha.tu.koszalin.pl/cgi-bin/koha/opac-detail.pl?biblionumber=1190
_yKatalog online BPK
942 _2UKD
_cKS
999 _c1190
_d1190